[Event "HUN-chT2 Barcza 1718"]
[Site "Hungary"]
[Date "2018.02.18"]
[Round "8.11"]
[White "Karikas, Marianna"]
[Black "Bodnar, Mate"]
[Result "0-1"]
[WhiteElo "1859"]
[BlackElo "1837"]
[PlyCount "56"]
[EventDate "2017.09.24"]
[EventType "team-tourn"]
[EventRounds "11"]
[EventCountry "HUN"]
[SourceTitle "EXT 2021"]
[Source "ChessBase"]
[SourceDate "2020.10.23"]
[SourceVersion "1"]
[SourceVersionDate "2020.10.23"]
[SourceQuality "1"]
[WhiteTeam "Hajduboszormeny"]
[BlackTeam "Debrecen Sakkbaratok"]
[WhiteTeamCountry "HUN"]
[BlackTeamCountry "HUN"]

1. d4 Nf6 2. Nf3 g6 3. c4 Bg7 4. Nc3 d6 5. e4 0-0 6. Be2 Nbd7 7. 0-0 e5 8. d5 h6 9. h3 Nh7 10. Nh2 f5 11. f4 exf4 12. Rxf4 Nc5 13. exf5 g5 14. Rf1 Bxf5 15. Be3 Qe7 16. Bd4 Nd3 17. Bxg7 Qe3+ 18. Kh1 Kxg7 19. Rxf5 Nxb2 20. Qc2 Rxf5 21. Qxb2 Nf6 22. Qc2 Rf2 23. Nf1 Qe5 24. Rb1 Re8 25. Rxb7 Re7 26. Qd3 g4 27. hxg4 Rxf1+ 28. Bxf1 Nxg4 0-1

[Event "HUN-chT2 Barcza 1617"]
[Site "Hungary"]
[Date "2016.09.25"]
[Round "1.11"]
[White "Kiss, Laszlo4444"]
[Black "Karikas, Marianna"]
[Result "0-1"]
[WhiteElo "1897"]
[BlackElo "1836"]
[PlyCount "120"]
[EventDate "2016.09.25"]
[EventType "team-tourn"]
[EventRounds "11"]
[EventCountry "HUN"]
[SourceTitle "EXT 2021"]
[Source "ChessBase"]
[SourceDate "2020.10.23"]
[SourceVersion "1"]
[SourceVersionDate "2020.10.23"]
[SourceQuality "1"]
[WhiteTeam "Debrecen Sakkbaratok"]
[BlackTeam "Hajduboszormeny"]
[WhiteTeamCountry "HUN"]
[BlackTeamCountry "HUN"]

1. e4 g6 2. d4 Bg7 3. c4 d6 4. Nc3 Nd7 5. Nf3 e5 6. Be3 Ngf6 7. dxe5 dxe5 8. Qd2 0-0 9. Bh6 Nc5 10. Bxg7 Qxd2+ 11. Nxd2 Kxg7 12. Rc1 a5 13. f3 Be6 14. a3 a4 15. Nd5 c6 16. Be2 Rfd8 17. Nc7 Rac8 18. Nxe6+ fxe6 19. Nb1 Nh5 20. g3 Nf6 21. Kf2 Rf8 22. Ke3 Rcd8 23. Rhd1 Kf7 24. Rxd8 Rxd8 25. Rd1 Nfd7 26. h4 Ke7 27. g4 Nf6 28. Nc3 Ra8 29. f4 Nfd7 30. g5 exf4+ 31. Kxf4 e5+ 32. Ke3 Ne6 33. Bg4 Ndc5 34. Rg1 Rd8 35. Bd1 Rd3+ 36. Ke2 Nf4+ 37. Ke1 Rh3 38. Bxa4 Nfd3+ 39. Kd2 Nxb2 40. Bb3 Nxb3+ 41. Kc2 Nd4+ 42. Kxb2 Rxc3 43. Kxc3 Ne2+ 44. Kb4 Nxg1 45. Kc5 Kd7 46. Kb6 Kc8 47. a4 Nf3 48. a5 Nxh4 49. a6 bxa6 50. Kxc6 Nf3 51. Kd5 a5 52. c5 a4 53. Kc4 a3 54. Kb3 Nxg5 55. Kxa3 Nxe4 56. Kb4 h5 57. Kc4 h4 58. Kd3 Nxc5+ 59. Ke2 g5 60. Kf2 g4 0-1

[Event "Eger Agria op 40th"]
[Site "Eger"]
[Date "2016.07.19"]
[Round "2"]
[White "Mizzi, Steve"]
[Black "Karikas, Marianna"]
[Result "0-1"]
[WhiteElo "1494"]
[BlackElo "1835"]
[PlyCount "106"]
[EventDate "2016.07.18"]
[EventType "swiss"]
[EventRounds "8"]
[EventCountry "HUN"]
[SourceTitle "EXT 2020"]
[Source "ChessBase"]
[SourceDate "2019.10.17"]
[SourceVersion "1"]
[SourceVersionDate "2019.10.17"]
[SourceQuality "1"]

1. d4 g6 2. e4 Bg7 3. Nf3 d6 4. h3 Nd7 5. c3 e5 6. Be3 Ngf6 7. Nbd2 0-0 8. Bd3 h6 9. 0-0 Nh5 10. Ne1 Nf4 11. Bxf4 exf4 12. Nef3 c5 13. Re1 Re8 14. Nc4 Nb6 15. Qb3 Be6 16. d5 Bc8 17. Nxb6 Qxb6 18. Qxb6 axb6 19. Bb5 Re7 20. Re2 Bd7 21. Bxd7 Rxd7 22. Nd2 b5 23. Nf3 Re7 24. Kf1 Ra4 25. Nd2 b4 26. b3 Ra6 27. Rc1 Bxc3 28. Nb1 Bd4 29. Rcc2 b5 30. Nd2 Bc3 31. Nb1 Bg7 32. Nd2 Ra8 33. Nf3 Rae8 34. Nd2 f5 35. f3 Bc3 36. Nb1 fxe4 37. fxe4 Rxe4 38. Rxe4 Rxe4 39. Nxc3 bxc3 40. Rxc3 Rd4 41. Rf3 g5 42. h4 Rxd5 43. hxg5 hxg5 44. g3 Rd4 45. gxf4 gxf4 46. Rf2 Kf7 47. Re2 b4 48. Kf2 Kf6 49. Kf3 Kf5 50. Re8 Rd3+ 51. Kf2 Rd2+ 52. Re2 Rxe2+ 53. Kxe2 Ke4 0-1

[Event "Budapest FS09 FM-B"]
[Site "Budapest"]
[Date "2015.09.07"]
[Round "3"]
[White "Gruz, Janos"]
[Black "Karikas, Marianna"]
[Result "1/2-1/2"]
[WhiteElo "1714"]
[BlackElo "1834"]
[PlyCount "21"]
[EventDate "2015.09.05"]
[EventType "tourn"]
[EventRounds "9"]
[EventCountry "HUN"]
[SourceTitle "EXT 2016"]
[Source "ChessBase"]
[SourceDate "2015.10.08"]
[SourceVersion "1"]
[SourceVersionDate "2015.10.08"]
[SourceQuality "1"]

1. c4 g6 2. Nc3 Bg7 3. d4 d6 4. Nf3 Nf6 5. e3 0-0 6. Be2 Nbd7 7. 0-0 e5 8. dxe5 Nxe5 9. Nxe5 dxe5 10. Qxd8 Rxd8 11. Rd1 1/2-1/2

[Event "HUN-chT2 Maroczy 1415"]
[Site "Hungary"]
[Date "2015.03.22"]
[Round "8"]
[White "Karikas, Marianna"]
[Black "Csiki, Endre"]
[Result "1/2-1/2"]
[WhiteElo "1886"]
[BlackElo "1552"]
[PlyCount "120"]
[EventDate "2014.10.12"]
[EventType "team-tourn"]
[EventRounds "9"]
[EventCountry "HUN"]
[SourceTitle "EXT 2016"]
[Source "ChessBase"]
[SourceDate "2015.10.08"]
[SourceVersion "1"]
[SourceVersionDate "2015.10.08"]
[SourceQuality "1"]
[WhiteTeam "Hajduboszormeny"]
[BlackTeam "Kisujszallas"]
[WhiteTeamCountry "HUN"]
[BlackTeamCountry "HUN"]

1. d4 Nf6 2. Nf3 e6 3. e3 b6 4. Bd3 Bb7 5. 0-0 Be7 6. c4 0-0 7. Nbd2 d5 8. Qc2 h6 9. b3 Nbd7 10. Bb2 c5 11. Rac1 Rc8 12. Qb1 Ne8 13. Ne5 Bf6 14. Ndf3 Bxe5 15. Nxe5 Nxe5 16. dxe5 Qg5 17. f4 Qe7 18. f5 exf5 19. Bxf5 Rd8 20. cxd5 Rxd5 21. e4 Rd2 22. Bc3 Rd8 23. Rcd1 Rxd1 24. Rxd1 Bc6 25. Qd3 Nc7 26. Qd6 Qxd6 27. exd6 Ne6 28. g3 g6 29. Bxe6 fxe6 30. e5 Bd5 31. Bd2 g5 32. Re1 Kg7 33. Re3 Kg6 34. Re1 Kg7 35. Re2 Kg6 36. Bc3 Kh7 37. b4 Kg6 38. bxc5 bxc5 39. Ba5 Rf7 40. Bd8 Rd7 41. Ba5 Kg7 42. Rf2 Kg6 43. Bc7 Kg7 44. a3 c4 45. Kf1 Bc6 46. Ke1 Rf7 47. Rc2 Bb5 48. a4 Bxa4 49. Rxc4 Bb5 50. Rd4 Rd7 51. Rb4 a6 52. Rd4 Kg6 53. g4 Kg7 54. Kd2 Kh7 55. Ke3 Kg6 56. Rd1 Kf7 57. Kd4 Ke8 58. Ke3 Kf7 59. Rd2 Kg6 60. Rf2 Rf7 1/2-1/2

[Event "HUN-chT2 Maroczy 1314"]
[Site "Hungary"]
[Date "2014.04.27"]
[Round "11"]
[White "Karikas, Marianna"]
[Black "Albert, Kornelia"]
[Result "0-1"]
[WhiteElo "1842"]
[BlackElo "2091"]
[PlyCount "108"]
[EventDate "2013.09.08"]
[EventType "team-tourn"]
[EventRounds "11"]
[EventCountry "HUN"]
[SourceTitle "EXT 2016"]
[Source "ChessBase"]
[SourceDate "2015.10.08"]
[SourceVersion "1"]
[SourceVersionDate "2015.10.08"]
[SourceQuality "1"]
[WhiteTeam "Hajduboszormeny"]
[BlackTeam "Budapest MLTC II"]
[WhiteTeamCountry "HUN"]
[BlackTeamCountry "HUN"]

1. d4 d5 2. Nf3 Nf6 3. e3 e6 4. c4 c6 5. Nc3 Be7 6. Be2 dxc4 7. Bxc4 b5 8. Bd3 a6 9. 0-0 Nbd7 10. a3 c5 11. dxc5 Nxc5 12. Bc2 Qc7 13. e4 Bb7 14. Qe2 0-0 15. Bg5 h6 16. Bh4 e5 17. Bxf6 Bxf6 18. Rac1 Qe7 19. b4 Ne6 20. Bb3 Nd4 21. Nxd4 exd4 22. Nd5 Bxd5 23. Bxd5 Rac8 24. Rc2 Rc3 25. Rxc3 dxc3 26. Rc1 Rd8 27. Kf1 Qe5 28. g3 Bg5 29. Rc2 Bd2 30. Qf3 Rd7 31. Qg4 Rc7 32. Qf3 Qd4 33. Ke2 a5 34. Qd3 Qxd3+ 35. Kxd3 axb4 36. axb4 Ra7 37. Bc6 Ra4 38. Bxb5 Rxb4 39. Bc4 Rb1 40. Ke2 Re1+ 41. Kf3 Ra1 42. Ke2 Ra7 43. Kd3 g5 44. Ba2 Kg7 45. Ke2 g4 46. f4 gxf3+ 47. Kxf3 Kf6 48. Bc4 Ke5 49. h3 Kd4 50. Be2 Ra1 51. g4 Rh1 52. Kg2 Rb1 53. Kf3 Rb2 54. Bd1 Kd3 0-1

[Event "HUN-chT2 Maroczy 1314"]
[Site "Hungary"]
[Date "2014.03.23"]
[Round "9"]
[White "Gulyas, Attila"]
[Black "Karikas, Marianna"]
[Result "0-1"]
[WhiteElo "2040"]
[BlackElo "1842"]
[PlyCount "70"]
[EventDate "2013.09.08"]
[EventType "team-tourn"]
[EventRounds "11"]
[EventCountry "HUN"]
[SourceTitle "EXT 2016"]
[Source "ChessBase"]
[SourceDate "2015.10.08"]
[SourceVersion "1"]
[SourceVersionDate "2015.10.08"]
[SourceQuality "1"]
[WhiteTeam "Budapest Vasas"]
[BlackTeam "Hajduboszormeny"]
[WhiteTeamCountry "HUN"]
[BlackTeamCountry "HUN"]

1. e4 g6 2. d4 Bg7 3. Nc3 d6 4. Be3 c6 5. Qd2 b5 6. a3 a6 7. Nge2 Nd7 8. Ng3 Nb6 9. Rb1 h5 10. b3 Nf6 11. f3 Qc7 12. Bd3 Bd7 13. 0-0 c5 14. d5 c4 15. bxc4 Nxc4 16. Bxc4 Qxc4 17. Rb4 Qc7 18. Rc1 0-0 19. Nce2 a5 20. Rb3 Rfc8 21. Nd4 a4 22. Nxb5 Bxb5 23. Rxb5 Qc3 24. Qxc3 Rxc3 25. Bd4 Rxa3 26. Ne2 Nd7 27. Bxg7 Kxg7 28. Nd4 Nc5 29. Nc6 Rc3 30. Ra1 Rxc2 31. Ra5 Rxa5 32. Nxa5 Rc3 33. Ra2 Nd3 34. Kf1 a3 35. Ra1 Rc1+ 0-1

[Event "HUN-chT2 Maroczy 1314"]
[Site "Hungary"]
[Date "2013.11.17"]
[Round "5"]
[White "Medvegyne Balogh, Emese"]
[Black "Karikas, Marianna"]
[Result "1-0"]
[WhiteElo "2047"]
[BlackElo "1842"]
[PlyCount "63"]
[EventDate "2013.09.08"]
[EventType "team-tourn"]
[EventRounds "11"]
[EventCountry "HUN"]
[SourceTitle "EXT 2016"]
[Source "ChessBase"]
[SourceDate "2015.10.08"]
[SourceVersion "1"]
[SourceVersionDate "2015.10.08"]
[SourceQuality "1"]
[WhiteTeam "Lila Futo"]
[BlackTeam "Hajduboszormeny"]
[WhiteTeamCountry "HUN"]
[BlackTeamCountry "HUN"]

1. e4 e6 2. d4 d5 3. Nd2 Nf6 4. e5 Nfd7 5. Bd3 c5 6. c3 Nc6 7. Ne2 Be7 8. Nf3 0-0 9. 0-0 c4 10. Bb1 b5 11. Qc2 g6 12. Bh6 Re8 13. g3 b4 14. h4 Rb8 15. Nf4 bxc3 16. bxc3 Qb6 17. h5 Qb2 18. hxg6 hxg6 19. Nxg6 Qxc2 20. Nxe7+ Nxe7 21. Bxc2 Rb2 22. Ba4 Nf5 23. Bc1 Rb8 24. g4 Ne7 25. Be3 Rd8 26. Bg5 Kf8 27. Kg2 Nb6 28. Bc2 Rd7 29. Rh1 Ng6 30. Bxg6 fxg6 31. Rh8+ Kg7 32. Rah1 1-0

[Event "HUN-chT2 Maroczy 1314"]
[Site "Hungary"]
[Date "2013.10.20"]
[Round "3"]
[White "Tenk, Zoltan"]
[Black "Karikas, Marianna"]
[Result "0-1"]
[WhiteElo "1991"]
[BlackElo "1842"]
[PlyCount "90"]
[EventDate "2013.09.08"]
[EventType "team-tourn"]
[EventRounds "11"]
[EventCountry "HUN"]
[SourceTitle "EXT 2016"]
[Source "ChessBase"]
[SourceDate "2015.10.08"]
[SourceVersion "1"]
[SourceVersionDate "2015.10.08"]
[SourceQuality "1"]
[WhiteTeam "Szeged Maroczy"]
[BlackTeam "Hajduboszormeny"]
[WhiteTeamCountry "HUN"]
[BlackTeamCountry "HUN"]

1. d4 d5 2. Nf3 Nf6 3. e3 e6 4. c4 Be7 5. Nc3 0-0 6. Bd3 b6 7. 0-0 Bb7 8. b3 c5 9. Bb2 Nc6 10. cxd5 exd5 11. Rc1 Rc8 12. Bf5 Rb8 13. Ne2 Ne4 14. Ng3 Nxg3 15. hxg3 Ba6 16. Bd3 Bxd3 17. Qxd3 Nb4 18. Qb1 Rc8 19. a3 Nc6 20. Qd3 Bf6 21. Qd2 Na5 22. Rc3 c4 23. bxc4 Nxc4 24. Qc2 b5 25. Rb1 Qd7 26. Bc1 h6 27. Ne1 Be7 28. e4 Bxa3 29. exd5 Bxc1 30. Qxc1 Qxd5 31. Qf4 a5 32. Rcb3 b4 33. Nf3 Na3 34. R1b2 Nc2 35. Qd2 a4 36. Rd3 b3 37. Ne1 Qc4 38. Nf3 Rfe8 39. Ne5 Qd5 40. f4 a3 41. Rbxb3 a2 42. Ra3 Nxa3 43. Rxa3 Ra8 44. Qb2 Rxa3 45. Qxa3 Qxd4+ 0-1

[Event "HUN-ch U18 Girls"]
[Site "Balatonlelle"]
[Date "2013.06.27"]
[Round "5"]
[White "Szente Varga, Fruzsina"]
[Black "Karikas, Marianna"]
[Result "1/2-1/2"]
[WhiteElo "2003"]
[BlackElo "1833"]
[PlyCount "80"]
[EventDate "2013.??.??"]
[EventType "tourn"]
[EventRounds "6"]
[EventCountry "HUN"]
[SourceTitle "EXT 2014"]
[Source "ChessBase"]
[SourceDate "2013.11.20"]
[SourceVersion "1"]
[SourceVersionDate "2013.11.20"]
[SourceQuality "1"]

1. e4 e6 2. d4 d5 3. Nc3 Bb4 4. e5 c5 5. a3 Bxc3+ 6. bxc3 Qa5 7. Bd2 c4 8. Qg4 Ne7 9. Be2 Ng6 10. h4 h5 11. Qg5 Qd8 12. Bxh5 Qxg5 13. hxg5 Ke7 14. Ne2 Bd7 15. 0-0-0 Na6 16. f4 Nf8 17. Bf3 Rxh1 18. Rxh1 g6 19. g4 Nc7 20. Kd1 Ba4 21. f5 Rd8 22. Nf4 Rc8 23. Bc1 Nb5 24. Kd2 Nc7 25. Rh6 a6 26. fxg6 fxg6 27. Nxg6+ Nxg6 28. Rxg6 Kf7 29. Rf6+ Kg7 30. Kd1 Re8 31. g6 Re7 32. g5 Ne8 33. Bh5 Kg8 34. Rf7 Rc7 35. Be3 Rd7 36. Kd2 Ng7 37. Bg4 Rxf7 38. gxf7+ Kxf7 39. Bf3 Kg6 40. Bg4 Kf7 1/2-1/2

[Event "HUN-ch U18 Girls"]
[Site "Balatonlelle"]
[Date "2013.06.26"]
[Round "4"]
[White "Karikas, Marianna"]
[Black "Horvath, Ilona Klara"]
[Result "0-1"]
[WhiteElo "1833"]
[BlackElo "1922"]
[PlyCount "114"]
[EventDate "2013.??.??"]
[EventType "tourn"]
[EventRounds "6"]
[EventCountry "HUN"]
[SourceTitle "EXT 2014"]
[Source "ChessBase"]
[SourceDate "2013.11.20"]
[SourceVersion "1"]
[SourceVersionDate "2013.11.20"]
[SourceQuality "1"]

1. d4 d5 2. Nf3 c6 3. c4 Nf6 4. e3 e6 5. Nbd2 Nbd7 6. Bd3 Bd6 7. 0-0 0-0 8. b3 b6 9. Bb2 Bb7 10. Ne5 Re8 11. f4 Nf8 12. Qf3 Qc7 13. Rac1 Rad8 14. c5 Be7 15. b4 bxc5 16. bxc5 N6d7 17. Nb3 f6 18. Ng4 f5 19. Ne5 Nf6 20. Bc3 Rb8 21. Qe2 N6d7 22. g4 g6 23. Qg2 Nxe5 24. fxe5 Bg5 25. Bd2 Qe7 26. Rb1 Nd7 27. Kh1 Kh8 28. Rg1 Rg8 29. Na5 Ba8 30. Rxb8 Nxb8 31. Rb1 Qd8 32. Qe2 Bh6 33. Rg1 Qh4 34. Be1 Qe7 35. h4 fxg4 36. Rxg4 Bb7 37. Bd2 Qc7 38. Rg1 Qc8 39. Rb1 Ba6 40. Bxa6 Nxa6 41. Rb7 Qd8 42. Be1 Nb8 43. Rxa7 Rf8 44. Kg2 Qe8 45. Bf2 g5 46. Qc2 Nd7 47. Nxc6 Qf7 48. Qe2 g4 49. Nb4 Qf5 50. Rxd7 Qe4+ 51. Kg1 g3 52. Rxh7+ Kxh7 53. Qd3 Rxf2 54. Qxe4+ dxe4 55. d5 Bxe3 56. Nc6 Rd2+ 57. Kf1 g2+ 0-1

[Event "HUN-ch U18 Girls"]
[Site "Balatonlelle"]
[Date "2013.06.23"]
[Round "2"]
[White "Karikas, Marianna"]
[Black "Szente Varga, Fruzsina"]
[Result "1-0"]
[WhiteElo "1833"]
[BlackElo "2003"]
[PlyCount "75"]
[EventDate "2013.??.??"]
[EventType "tourn"]
[EventRounds "6"]
[EventCountry "HUN"]
[SourceTitle "EXT 2014"]
[Source "ChessBase"]
[SourceDate "2013.11.20"]
[SourceVersion "1"]
[SourceVersionDate "2013.11.20"]
[SourceQuality "1"]

1. d4 Nf6 2. Nf3 g6 3. Bg5 Bg7 4. Nbd2 d6 5. c3 0-0 6. e4 Nc6 7. Be2 e5 8. dxe5 dxe5 9. 0-0 Qe8 10. Re1 h6 11. Bh4 Nh5 12. Nc4 Nf4 13. Bf1 g5 14. Bg3 Bg4 15. Ne3 Rd8 16. Qc2 Bxf3 17. gxf3 Ng6 18. Rad1 h5 19. h3 Nce7 20. Qb3 Rxd1 21. Rxd1 Qc8 22. Nd5 Kh8 23. Nxe7 Nxe7 24. Qb5 Nc6 25. h4 f5 26. exf5 gxh4 27. Bxh4 Qxf5 28. Bg2 Qc2 29. Rd7 Qc1+ 30. Kh2 Qf4+ 31. Bg3 Qf6 32. Qc4 Bh6 33. Qe4 Bg7 34. Rxc7 Rb8 35. Rd7 a6 36. Bh3 b5 37. Rc7 Na5 38. Rxg7 1-0

[Event "HUN-ch U18 Girls"]
[Site "Balatonlelle"]
[Date "2013.06.22"]
[Round "1"]
[White "Horvath, Ilona Klara"]
[Black "Karikas, Marianna"]
[Result "1-0"]
[WhiteElo "1922"]
[BlackElo "1833"]
[PlyCount "43"]
[EventDate "2013.??.??"]
[EventType "tourn"]
[EventRounds "6"]
[EventCountry "HUN"]
[SourceTitle "EXT 2014"]
[Source "ChessBase"]
[SourceDate "2013.11.20"]
[SourceVersion "1"]
[SourceVersionDate "2013.11.20"]
[SourceQuality "1"]

1. e4 e5 2. d4 exd4 3. Nf3 Nf6 4. e5 Ne4 5. Bd3 d5 6. exd6 Nxd6 7. 0-0 Be7 8. Nxd4 0-0 9. Nc3 c5 10. Nf3 Bg4 11. Bf4 Nc6 12. Nd5 Nd4 13. c3 Bxf3 14. gxf3 N4f5 15. Re1 Bg5 16. Bxd6 Nxd6 17. f4 Bf6 18. Qf3 c4 19. Bc2 Ne8 20. Rad1 Qa5 21. Qh3 h6 22. Qf5 1-0

[Event "HUN-chT2 Barcza 1213"]
[Site "Hungary"]
[Date "2013.03.24"]
[Round "9.12"]
[White "Jakab, Kincso"]
[Black "Karikas, Marianna"]
[Result "1-0"]
[WhiteElo "1641"]
[BlackElo "1851"]
[PlyCount "97"]
[EventDate "2012.09.16"]
[EventType "team-tourn"]
[EventRounds "11"]
[EventCountry "HUN"]
[SourceTitle "EXT 2014"]
[Source "ChessBase"]
[SourceDate "2013.11.20"]
[SourceVersion "1"]
[SourceVersionDate "2013.11.20"]
[SourceQuality "1"]
[WhiteTeam "Debrecen Sakkiskola"]
[BlackTeam "Hajduboszormeny"]
[WhiteTeamCountry "HUN"]
[BlackTeamCountry "HUN"]

1. e4 g6 2. d4 d6 3. Nf3 Bg7 4. Bc4 c6 5. Nc3 b5 6. Bb3 b4 7. Ne2 Nf6 8. Ng3 0-0 9. 0-0 Qb6 10. h3 Bb7 11. Be3 c5 12. e5 Ne4 13. Nxe4 Bxe4 14. exd6 exd6 15. dxc5 dxc5 16. Rb1 Na6 17. Qe2 Bc6 18. Nd2 Qb7 19. Qg4 Rad8 20. Nf3 Bd7 21. Qg3 Bb5 22. Rfe1 c4 23. h4 cxb3 24. cxb3 Bd3 25. Rbd1 Bxb2 26. Bh6 Bg7 27. Bxg7 Kxg7 28. Qg5 Qb6 29. h5 h6 30. Qe5+ Qf6 31. Qe3 Bb5 32. Rxd8 Rxd8 33. Qxa7 Rd7 34. Qa8 Nc7 35. Qe4 Nd5 36. hxg6 fxg6 37. Ne5 Rd8 38. Ng4 Qd6 39. Rd1 Bc6 40. Qd4+ Kf8 41. Qh8+ Ke7 42. Qg7+ Ke6 43. Re1+ Ne3 44. Rxe3+ Kf5 45. Nxh6+ Kf4 46. g3+ Kg5 47. Nf7+ Kf5 48. Nxd6+ Rxd6 49. Qe5+ 1-0

[Event "HUN-chT2 Barcza 1112 "]
[Site "Hungary"]
[Date "2012.04.22"]
[Round "9"]
[White "Jakab, Gergely Sandor"]
[Black "Karikas, Marianna"]
[Result "1/2-1/2"]
[WhiteElo "1721"]
[BlackElo "1861"]
[PlyCount "57"]
[EventDate "2011.09.25"]
[EventType "team-tourn"]
[EventRounds "11"]
[EventCountry "HUN"]
[SourceTitle "EXT 2013"]
[Source "ChessBase"]
[SourceDate "2012.11.22"]
[SourceVersion "1"]
[SourceVersionDate "2012.11.22"]
[SourceQuality "1"]
[WhiteTeam "Edeleny"]
[BlackTeam "Hajduboszormeny"]
[WhiteTeamCountry "HUN"]
[BlackTeamCountry "HUN"]

1. d4 g6 2. Nf3 Bg7 3. Bf4 d6 4. e3 Nd7 5. c3 e5 6. dxe5 dxe5 7. Bg3 Ne7 8. Bc4 0-0 9. 0-0 Nf5 10. Nbd2 Qe7 11. e4 Nxg3 12. hxg3 Nb6 13. Bb3 Bd7 14. Qe2 h6 15. Rfd1 Rad8 16. Qe3 Be6 17. Bxe6 Qxe6 18. b3 Rd7 19. Nf1 Rfd8 20. Qe2 Qc6 21. c4 Rxd1 22. Rxd1 Rxd1 23. Qxd1 Qd7 24. Qc2 Nc8 25. Ne3 Ne7 26. Nd5 Nc6 27. Qd2 Qd6 28. b4 b6 29. a3 1/2-1/2

[Event "HUN-chT2 Barcza 1112 "]
[Site "Hungary"]
[Date "2012.03.25"]
[Round "8"]
[White "Karikas, Marianna"]
[Black "Varga, Krisztian"]
[Result "1/2-1/2"]
[WhiteElo "1861"]
[BlackElo "1700"]
[PlyCount "82"]
[EventDate "2011.09.25"]
[EventType "team-tourn"]
[EventRounds "11"]
[EventCountry "HUN"]
[SourceTitle "EXT 2013"]
[Source "ChessBase"]
[SourceDate "2012.11.22"]
[SourceVersion "1"]
[SourceVersionDate "2012.11.22"]
[SourceQuality "1"]
[WhiteTeam "Hajduboszormeny"]
[BlackTeam "DEAC"]
[WhiteTeamCountry "HUN"]
[BlackTeamCountry "HUN"]

1. d4 d5 2. Nf3 Nf6 3. e3 c6 4. c4 e6 5. Nc3 Nbd7 6. Qc2 Be7 7. e4 dxe4 8. Nxe4 Nxe4 9. Qxe4 Nf6 10. Qc2 c5 11. dxc5 Bxc5 12. Bd3 0-0 13. 0-0 Bd7 14. Bg5 h6 15. Bh4 Bc6 16. Ne5 Rc8 17. Rad1 Qa5 18. Nxc6 Rxc6 19. Bxf6 gxf6 20. a3 Qc7 21. Qe2 Qe5 22. b4 Bd6 23. f4 Qxe2 24. Bxe2 f5 25. c5 Bb8 26. Rd7 b6 27. Bb5 Rcc8 28. cxb6 axb6 29. g3 Rfd8 30. Rxd8+ Rxd8 31. Rc1 Kg7 32. a4 Rd4 33. Bc4 Kf6 34. a5 bxa5 35. bxa5 Ba7 36. Kf1 Rd2 37. Be2 Ra2 38. a6 Be3 39. Rd1 Ke7 40. Rb1 Kf6 41. Rd1 Ke7 1/2-1/2

[Event "HUN-chT2 Barcza 1112 "]
[Site "Hungary"]
[Date "2012.02.19"]
[Round "6"]
[White "Karikas, Marianna"]
[Black "Peczeli, Zoltan"]
[Result "0-1"]
[WhiteElo "1876"]
[BlackElo "1988"]
[PlyCount "39"]
[EventDate "2011.09.25"]
[EventType "team-tourn"]
[EventRounds "11"]
[EventCountry "HUN"]
[SourceTitle "EXT 2013"]
[Source "ChessBase"]
[SourceDate "2012.11.22"]
[SourceVersion "1"]
[SourceVersionDate "2012.11.22"]
[SourceQuality "1"]
[WhiteTeam "Hajduboszormeny"]
[BlackTeam "Piremon"]
[WhiteTeamCountry "HUN"]
[BlackTeamCountry "HUN"]

1. d4 Nf6 2. Nf3 c5 3. d5 d6 4. c4 b5 5. b3 bxc4 6. bxc4 g6 7. Bb2 Bg7 8. Nbd2 0-0 9. e3 e6 10. Nb3 exd5 11. cxd5 Ba6 12. Bxa6 Nxa6 13. Bxf6 Bxf6 14. Rc1 Qb6 15. 0-0 Nb4 16. Qd2 Qa6 17. e4 Qxa2 18. Qe3 Rfe8 19. Rcd1 Qc2 20. Rfe1 0-1

[Event "HUN-chT2 Barcza 1112 "]
[Site "Hungary"]
[Date "2011.10.30"]
[Round "2"]
[White "Lovas, Peter"]
[Black "Karikas, Marianna"]
[Result "0-1"]
[WhiteElo "1825"]
[BlackElo "1876"]
[PlyCount "88"]
[EventDate "2011.09.25"]
[EventType "team-tourn"]
[EventRounds "11"]
[EventCountry "HUN"]
[SourceTitle "EXT 2013"]
[Source "ChessBase"]
[SourceDate "2012.11.22"]
[SourceVersion "1"]
[SourceVersionDate "2012.11.22"]
[SourceQuality "1"]
[WhiteTeam "Nadudvar"]
[BlackTeam "Hajduboszormeny"]
[WhiteTeamCountry "HUN"]
[BlackTeamCountry "HUN"]

1. e4 d5 2. exd5 Qxd5 3. Nc3 Qd8 4. d4 g6 5. Nf3 Bg7 6. Be3 Nh6 7. Bd3 Nf5 8. 0-0 0-0 9. Ne2 Nc6 10. c3 e5 11. Bxf5 Bxf5 12. Qb3 Be4 13. Nxe5 Nxe5 14. dxe5 Bxe5 15. Ng3 Bd5 16. Qa4 Qd6 17. Rad1 Qc6 18. Qxc6 Bxc6 19. Bh6 Rfd8 20. f4 Bf6 21. f5 Be5 22. fxg6 fxg6 23. Rfe1 Rxd1 24. Rxd1 Re8 25. Ne2 Bxh2+ 26. Kxh2 Rxe2 27. Rd2 Rxd2 28. Bxd2 Bd5 29. a3 Kf7 30. g3 Ke6 31. Kg1 Kf5 32. Kf2 Ke4 33. Bf4 c6 34. a4 Kd3 35. Bd6 Kc2 36. Ba3 a5 37. Ke3 Kb3 38. Kd4 Kxa4 39. c4 Bxc4 40. Kxc4 b5+ 41. Kc5 b4 42. Bxb4 axb4 43. Kxc6 Kb3 44. Kc5 h5 0-1

[Event "Puspokladany Arnoth Memorial 04th"]
[Site "Puspokladany"]
[Date "2011.07.28"]
[Round "2"]
[White "Egri, Laszlo Jr"]
[Black "Karikas, Marianna"]
[Result "0-1"]
[WhiteElo "2021"]
[BlackElo "1833"]
[PlyCount "78"]
[EventDate "2011.07.27"]
[EventType "swiss"]
[EventRounds "9"]
[EventCountry "HUN"]
[SourceTitle "EXT 2018"]
[Source "ChessBase"]
[SourceDate "2017.10.13"]
[SourceVersion "1"]
[SourceVersionDate "2017.10.13"]
[SourceQuality "1"]

1. e4 d5 2. exd5 Qxd5 3. Nc3 Qd8 4. d4 g6 5. Bf4 Bg7 6. Nge2 Nh6 7. Ne4 Nf5 8. c3 b6 9. f3 Bb7 10. g4 Nd6 11. N2g3 Nd7 12. Bd3 e5 13. Nxd6+ cxd6 14. dxe5 dxe5 15. Be3 0-0 16. Qe2 Qc7 17. 0-0-0 Nc5 18. h4 Rfe8 19. Bb5 Red8 20. Rxd8+ Rxd8 21. Bg5 Rc8 22. Qe3 a6 23. Be2 Re8 24. h5 e4 25. f4 Ne6 26. Nxe4 Bd4 27. Qd3 Nxg5 28. hxg6 Qxf4+ 29. Kd1 Qxe4 30. gxh7+ Nxh7 31. Rxh7 Kxh7 32. Qh3+ Kg7 33. cxd4 Qxe2+ 34. Kc1 Rc8+ 35. Qc3 Rxc3+ 36. bxc3 Kg6 37. g5 Kxg5 38. d5 Bxd5 39. c4 Be4 0-1